| 000 | 01750nam a2200433 i 4500 | ||
|---|---|---|---|
| 001 | xx005921874 | ||
| 003 | NUKAT | ||
| 005 | 20260425164321.0 | ||
| 008 | 260422s1894 gw |001 0 ger c | ||
| 035 | _a(NUKAT)xx005921874 | ||
| 040 |
_aKR 283/JW _bpol _erda _cKR 283/JW |
||
| 045 | 2 |
_bd1501 _bd1618 |
|
| 046 |
_k188X _l1894 _2edtf |
||
| 100 | 1 |
_aJanssen, Johannes _d(1829-1891). _eAutor _940327 |
|
| 245 | 1 | 0 |
_aCulturzustände des deutschen Volkes : _bseit dem Ausgang des Mittelalters bis zum Beginn des Dreißigjährigen Krieges. _nB. 4 / _cvon Johannes Janssen ; ergänzt und herausgegeben von Ludwig Pastor. |
| 250 | _aErste bis zwölfte Auflage. | ||
| 260 |
_aFreiburg im Breisgau : _bHerder'sche Verlagshandlung, _c1894. |
||
| 300 |
_aLV, [1], 719 stron ; _c23 cm. |
||
| 336 |
_aTekst _btxt _2rdacontent |
||
| 337 |
_aBez urządzenia pośredniczącego _bn _2rdamedia |
||
| 338 |
_aWolumin _bnc _2rdacarrier |
||
| 380 | _aKsiążki | ||
| 380 | _aPublikacje naukowe | ||
| 388 | 1 | _a1801-1900 | |
| 490 | 1 |
_aGeschichte des deutschen Volkes seit dem Ausgang des Mittelalters / von Johannes Janssen ; _vBd. 8 |
|
| 500 | _aCzcionka gotycka. | ||
| 504 | _aBibliografia na stronach XXVII-LV. Indeksy. | ||
| 648 | 7 |
_a1501-1600 _2DBN _936032 |
|
| 648 | 7 |
_a1601-1700 _2DBN _936034 |
|
| 650 | 2 |
_aKultura _938072 |
|
| 651 | 7 |
_aNiemcy _2DBN _935243 |
|
| 655 | 7 |
_aOpracowanie _2DBN _935024 |
|
| 658 | _aHistoria | ||
| 658 | _aEtnologia i antropologia kulturowa | ||
| 700 | 1 |
_aPastor, Ludwig von _d(1854-1928). _eRedakcja _940526 |
|
| 710 | 2 |
_aHerdersche Verlagsbuchhandlung. _eWydawca _4pbl _936009 |
|
| 800 | 1 |
_aJanssen, Johannes _d(1829-1891). _tGeschichte des deutschen Volkes seit dem Ausgang des Mittelalters _vBd. 8 _940328 |
|
| 942 |
_2ddc _cBK_NM |
||
| 999 |
_c27767 _d27767 |
||